Online
Catalog

Aproximación a la ecología de los fitonematodes del piso montano de Granada. / (Record no. 5013)

MARC details
000 -CABECERA
campo de control de longitud fija 00756nam a2200205 a 4500
001 - NÚMERO DE CONTROL
campo de control 000005211
005 - FECHA Y HORA DE LA ÚLTIMA TRANSACCIÓN
campo de control 20200929151617.0
008 - DATOS DE LONGITUD FIJA--INFORMACIÓN GENERAL
campo de control de longitud fija 090818s1985 sp bd 000 0 spa d
020 ## - NÚMERO INTERNACIONAL ESTÁNDAR DEL LIBRO
Número Internacional Estándar del Libro 8400060474
040 ## - FUENTE DE LA CATALOGACIÓN
Centro catalogador/agencia de origen DO-SdBNP
082 ## - NÚMERO DE LA CLASIFICACIÓN DECIMAL DEWEY
Número de clasificación xxxx
Número de documento/Ítem T628
049 ## - FONDOS LOCALES (OCLC)
Fondos de biblioteca BNPD
100 1# - ENTRADA PRINCIPAL--NOMBRE DE PERSONA
Nombre de persona Tobar Jimenez, Antonio
9 (RLIN) 14888
245 10 - MENCIÓN DE TÍTULO
Título Aproximación a la ecología de los fitonematodes del piso montano de Granada. /
Mención de responsabilidad, etc. Antonio Tobar Jimenez, Tomas Salmeron Parra.
260 ## - PUBLICACIÓN, DISTRIBUCIÓN, ETC.
Lugar de publicación, distribución, etc. Granada, España :
Nombre del editor, distribuidor, etc. CSIC : Instituto López Neyra de Parasitología,
Fecha de publicación, distribución, etc. 1985.
300 ## - DESCRIPCIÓN FÍSICA
Extensión 126 p. :
Otras características físicas map., diagraf. ;
Dimensiones 25 cm.
504 ## - NOTA DE BIBLIOGRAFÍA, ETC.
Nota de bibliografía, etc. Incluye bibliografías (p.115-126)
700 1# - PUNTO DE ACCESO ADICIONAL--NOMBRE DE PERSONA
Nombre de persona Salmeron Parra, Tomas
9 (RLIN) 14889
710 1# - PUNTO DE ACCESO ADICIONAL--NOMBRE DE ENTIDAD CORPORATIVA
Nombre de entidad corporativa o nombre de jurisdicción como elemento de entrada Consejo Superior de Investigaciones Científicas
9 (RLIN) 4786
Holdings
Estado de retiro Estado de pérdida Restricciones de uso No para préstamo Código de colección Localización permanente Ubicación/localización actual Ubicación en estantería Fecha de adquisición Número de inventario Total de préstamos Signatura topográfica completa Código de barras Fecha visto por última vez Precio válido a partir de Tipo de ítem Koha
        Monografías: Libros y Folletos General General En catalogación 18.08.2009 LF1   xxxx T628 5211-10 25.06.2020 25.06.2020 Préstamo en sala

Powered by Koha